000 00814nam a2200289 a 4500
001 vtls001439601
003 NLI
005 20210627122036.0
008 121130s1994 ii 000 1 eng
020 _a9788185944357 (pbk.)
_cRs.65.00
039 9 _y201211301649
_zVLOAD
040 _aNLI
_beng
_cDatasoft_GENG
_eAACR2
041 0 _aeng
044 _aii
082 0 4 _a823
100 1 _aKarkaria, Bachi J.
_91003829
245 1 0 _aYour flip is showing :
_bpeople, places and pomposities /
_cBachi J. Karkaria
260 _aCalcutta :
_bUBS,
_c1994
300 _a169 p. ;
_c21 cm.
650 0 _aEnglish fiction
_9681213
887 _a
901 _aDB64764
_b09.02.1994
902 _aE 823 K 146 y
904 _l675
949 _AVIRTUAITEM
_D10000
_X100
_6DBA000064764ENG
942 _2ddc
_cBKS
999 _aVIRTUA40
_c891925
_d891925